000 00566naa a2200181 4500
001 129623
003 ES-MaBCM
005 20230927104838.0
008 060704s2006 esp|r0p 0 ||spa d
035 _a(OCoLC)1365173047
040 _cES-MaBCM
110 2 _aAnalistas de Relaciones Industriales
_950404
245 0 0 _aPrioridades
_cAnalistas de Relaciones Industriales
650 2 7 _aSituación política
_960283
651 2 4 _aEspaña
_9115342
773 0 _aEn:
_tRelaciones laborales
_dMadrid
_gAño XXII, n. 11 (jun. 2006), p. 69-77
_w104507
942 _cAREV
_2udc
999 _c129623
_d129623